Simulovaný priemyselný regulátor

Na minha lista:
Detalhes bibliográficos
Autor principal: Balogh, Szabolcs (Author)
Outros Autores: Körösi, Ladislav (Thesis advisor)
Formato: Manuscrito Livro
Idioma:eslovaco
Publicado em: 2015
Assuntos:
Acesso em linha:http://is.stuba.sk/zp/portal_zp.pl?podrobnosti=92951
Tags: Adicionar Tag
Sem tags, seja o primeiro a adicionar uma tag!

MARC

LEADER 00000ntm a22000003a 4500
001 stuzp51738
003 SK-STU
005 20160719153942.3
007 ta
008 150427s2015----xo-----f-mn---000-0-slo-d
040 |a STU  |b slo 
041 0 |a slo 
100 1 |a Balogh, Szabolcs  |u 031000  |4 aut  |U FEI Fakulta elektrotechniky a informatiky  |T FEI Ústav robotiky a kybernetiky  |X 51244  |U E011  |Y 356  |7 A000051244 
242 0 1 |a Simulated industrial regulator  |y eng 
245 1 0 |a Simulovaný priemyselný regulátor 
260 |c 2015 
300 |a 45 s., príl.  |b CD-ROM 
650 4 |a UDC2500  |2 slo 
650 4 |a Modbus  |2 slo 
650 4 |a regulátor  |2 slo 
650 4 |a simulovaný regulátor  |2 slo 
650 4 |a Honeywell  |2 slo 
650 4 |a Honeywell  |2 eng 
650 4 |a Modbus  |2 eng 
650 4 |a regulator  |2 eng 
650 4 |a simulated regulator  |2 eng 
650 4 |a UDC2500  |2 eng 
700 1 |a Körösi, Ladislav  |4 ths  |X 4960  |7 A000004960 
856 4 |u http://is.stuba.sk/zp/portal_zp.pl?podrobnosti=92951 
996 |b 284EP11104  |c E*DIPL- 11104  |l EE31  |s P  |a 0  |w stuzp51738_0001 
SQL |a stuzp51738  |b DDP  |c SLO  |d Simulovaný priemyselný regulátor  |e 51244  |f Balogh, Szabolcs  |g 031000  |h 4960  |i Körösi, Ladislav  |j 20150617  |k 84  |l 03  |m http://is.stuba.sk/zp/portal_zp.pl?podrobnosti=92951  |n I-ROB  |o 5.2.14. automatizácia